| 000 | 02254nam a22002777a 4500 | ||
|---|---|---|---|
| 003 | UA-OsUOA | ||
| 001 | 67972 | ||
| 007 | ta | ||
| 008 | 20100323b un ||||| |||| 00| 0 ukr d | ||
| 090 |
_a346.1(477) _bГ72 |
||
| 942 | _cBK | ||
| 040 |
_aUA-OsUOA _bukr _cUA-OsUOA _dUA-OsUOA |
||
| 245 |
_aГосподарське процесуальне право України _bнавчальний посібник _cза ред. В. Л. Костюка |
||
| 300 | _a223 с. | ||
| 955 | _a2 | ||
| 041 | _aukr | ||
| 080 | _a346.1(477) | ||
| 020 | _a978-966-313-432-1 | ||
| 520 | 3 | _aУ навчальному посібнику розкриваються основні положення сучасного господарського процесуального права, зокрема поняття, предмет, метод, принципи, джерела та суб’єкт. Особлива увага приділяється ключовим питанням функціонування господарських судів, та з | |
| 520 | 3 | _aдійснення правосуддя у господарських справа, розгляду справ у місцевих, апеляційних та касаційних господарських судах, зокрема справ про банкрутство, а також виконання рішень господарських судів.Усі питання розкрито з урахуванням положень господарс | |
| 520 | 3 | _aького процесуального законодавства та теорії господарського процесуального права. Розраховано на студентів вищих навчальних закладів , викладачів, аспірантів, юристів-практиків, адвокатів, суддів та усіх, хто цікавиться питаннями господарського судо | |
| 520 | 3 | _aчинства. | |
| 260 |
_aК. _bІн Юре _c2009 |
||
| 650 | 7 |
_a346 Господарське право. Правові основи державного регулювання економікою _2UDC |
|
| 999 |
_c354080 _d354080 |
||